• 首页
  • 本馆介绍
  • 公告通知
  • 最新文献
  • 馆藏检索
  • 电子资源
  • 读者导购
  • 参考咨询
  • 我的图书馆
  • 登录
  • 详细信息显示
  • 放入我的书架
  • 预约/预借图书
  • 作者相关作品
  • 分类相关作品
  • 丛书相关作品
  • 出版社相关作品

书目信息

  • 表格格式
  • 工作单格式
  • 卡片格式
题名:
老兵讲述
    
 
作者: 沈晓昭 , 韩淑芳 主编
分册: 2  
出版信息: 北京   中国文史出版社  2016
页数: 231页
开本: 24cm
丛书名:
单 册:
中图分类: K265.106 , K265.210.6
科图分类:
主题词: 华南抗日游击队--hua nan kang ri you ji dui--抗日战争--史料
电子资源:
ISBN: 978-7-5034-6620-5
000 01269nam0 2200289 450
001 2161413483
005 20211003083716.64
010    @a978-7-5034-6620-5@dCNY29.00
100    @a20160226d2016 em y0chiy0120 ea
101 0  @achi
102    @aCN@b110000
105    @ay z 000yy
106    @ar
200 1  @a老兵讲述@Alao bing jiang shu@h2@f沈晓昭,韩淑芳主编
210    @a北京@c中国文史出版社@d2016
215    @a231页@d24cm
300    @a抗战:刻骨铭心的记忆
314    @a主编:沈晓昭、韩淑芳
330    @a本书是一部“亲历、亲见、亲闻”的三亲史料,收录了50余篇新四军和游击队基层老兵在抗日战争期间的“三亲”文章。本书分两篇,新四军篇所收文章,忆述了新四军一线战士在抗日战争期间浴血奋战、智取巧攻的一场场战斗以及对在那段艰苦岁月里经历的刻骨铭心的往事。游击队篇真实地记录了抗日战争期间,游击队战士们在广阔的敌后战场上出其不意地打击敌人,零打碎敲地消灭敌人的一场场战斗,以及在艰苦卓绝的环境下涌现出来的英雄队伍和战士们的点滴事迹。
601 02 @a新四军@Axin si jun@j史料
606 0  @a华南抗日游击队@Ahua nan kang ri you ji dui@x抗日战争@j史料
690    @aK265.106@v5
690    @aK265.210.6@v3
701  0 @a沈晓昭@Ashen xiao zhao@4主编
701  0 @a韩淑芳@Ahan shu fang@4主编
801  0 @aCN@b百万庄@c20210927
905    @b1301843-46@dK265.210.6@e163:2@f4
    
    老兵讲述.2/沈晓昭,韩淑芳主编.-北京:中国文史出版社,2016
    231页;24cm
    抗战:刻骨铭心的记忆
    
    ISBN 978-7-5034-6620-5:CNY29.00
    本书是一部“亲历、亲见、亲闻”的三亲史料,收录了50余篇新四军和游击队基层老兵在抗日战争期间的“三亲”文章。本书分两篇,新四军篇所收文章,忆述了新四军一线战士在抗日战争期间浴血奋战、智取巧攻的一场场战斗以及对在那段艰苦岁月里经历的刻骨铭心的往事。游击队篇真实地记录了抗日战争期间,游击队战士们在广阔的敌后战场上出其不意地打击敌人,零打碎敲地消灭敌人的一场场战斗,以及在艰苦卓绝的环境下涌现出来的英雄队伍和战士们的点滴事迹。
●
相关链接 在E读中查询图书 在五车中查询图书 在当当中查询图书 在豆瓣中查询图书


正题名:老兵讲述     索取号:K265.210.6/163:2         预约/预借

序号 登录号 条形码 馆藏地/架位号 状态 备注
1 1301843   213018438   第二样本阅览室/ [索取号:K265.210.6/163:2] 在馆    
2 1301844   213018447   第二借阅区/ [索取号:K265.210.6/163:2] 在馆    
3 1301845   213018456   第二借阅区/ [索取号:K265.210.6/163:2] 在馆    
4 1301846   213018465   第二借阅区/ [索取号:K265.210.6/163:2] 在馆    
唐山师范学院图书馆 欢迎您!
大连网信软件有限公司© 版权所有